000 01359nam a22002177a 4500
999 _c6018
_d6018
003 OSt
005 20260127085416.0
008 260127b ||||| |||| 00| 0 eng d
020 _a9781801301329
040 _cKH8
082 _aFIC BEN
100 _aBennett, M. A. ,
_eauthor.
245 _aChildren of the Night /
_cM. A. Bennett.
260 _aLondon ;
_bWelbeck Children's Book ,
_c2025.
300 _a401 pages :
_c20 cm.
520 _aYou've heard of Jekyll and Hyde, you've heard of the Invisible Man, but have you heard of Castle Bran? Eve, Griffin, Hal and Ren are whisked away to Transylvania, to the supposed home of Dracula himself. Lured there by a desire to understand more about their true natures, our foursome are instead plunged into the midst of a deadly mystery. Children are going missing, townspeople are being brutally killed and a suspicious stranger keeps appearing from the shadows. Meanwhile, Ren is trapped in Castle Bran, where his fate lies in the hands of a strange - yet oddly familiar - host. With terrifying twists and turns around every corner, can the group uncover the answers they seek, or will this be the end of the Young Gothics? Perfect for fans of Wednesday and Stranger Things.
650 _aMystery
_vFiction
650 _aHorror
_vFiction
650 _aFantasy
_vYoung Adult Fiction
942 _2ddc
_cFIC